Racionálny pohyb obyvateľstva

Gespeichert in:
Bibliographische Detailangaben
1. Verfasser: Kuba, Rudolf
Format: Buch
Sprache:Slowakisch
Veröffentlicht: Bratislava Vydavateľstvo politickej literatúry 1968
Tags: Tag hinzufügen
Keine Tags, Fügen Sie das erste Tag hinzu!

MARC

LEADER 00000nam a2200000 4500
001 c122514
005 20041019155225.5
041 0 |a slo 
044 |a SK 
245 1 0 |a Racionálny pohyb obyvateľstva  |c Rudolf Kuba 
264 1 |a Bratislava  |b Vydavateľstvo politickej literatúry  |c 1968 
300 |a 165 s. 
100 1 |a Kuba, Rudolf